000 00452cam a2200169ua 4500
020 _c1.25
041 _amal
_h
082 _a800
_bKRI/ME
100 _aKrishna chaithanya, .
245 _aMesopotamian sahithya charithram /
_cKrishna chaithanya.
_hTextual Documents
260 _aKottayam :
_bSahitya Pravarthaka Co-operative Society ,
_c1958.
300 _a102 ; .
365 _a1.25
504 _a
942 _cBK
999 _c5259
_d5259